01590nam a2200325 a 4500001001000000005001700010008004100027041000800068044000800076084002000084100004500104245010900149260003600258300002200294500020200316500013400518500010300652500006600755500001100821546002400832650005200856650005600908650003400964650004500998700005401043700003401097700004401131700003901175740005001214BRCA_320320190320204148.0190209s1742----enka---###---#000-0deng-u aeng aenk a504b.T66c17421 aCervantes Saavedra, Miguel ded1547-161610aThe Life and Exploits of the Ingenious Gentleman Don Quixote de la ManchacMiguel de Cervantes Saavedra. aLondresbJ. and R. Tonsonc1742 a2 v.bil.c30 cm. aContenido : v 1. Primera parte. Prefacio del traductor. Advertencia de John Oldfield. Retrato de Cervantes por Kent. Vida de Cervantes por Mayans. Traducción por Ozell. Prólogo del autor. Texto aEdición : Traslated from the Original spanish of Miguel de Cervantes Saavedra, by Charles Jarvis esq. Illustrated by Vanderbank aEjemplar por completo igual al LO-503. Piel; lomos y planos decorados con dorados Lúdovik Osterc aCon ex-libris de : Hebert Cen Broech Jacquelin Cork V. Orrevy aQM414B aTexto en : inglés14aNovela españolayÉpoca clásica, 1500-170014aLiteratura españolayÉpoca clásica, 1500-170014aNovela españolaySiglo XVII14aDon Quijote (Personaje ficticio)eNovela1 aMayans I. Siscar, Gregoriod1699-1781eBiógrafo1 aOzell, Johnd?-1743eAnotador1 aVanderbank, Johnd1694-1739eIlustrador1 aJarvis, Charlesd?-1739eTraductor0 aEl Ingenioso Hidalgo Don Quijote de la Mancha